| 000 | 00378nam a22001697a 4500 | ||
|---|---|---|---|
| 005 | 20160702094943.0 | ||
| 008 | 160702b xxu||||| |||| 00| 0 eng d | ||
| 020 | _a978-93-82332-305 | ||
| 041 | _aeng | ||
| 082 | _b20827 | ||
| 100 |
_aGakhar SK & other _93438 |
||
| 245 | _aMolecular Biology | ||
| 260 | _bI K | ||
| 300 | _a119 | ||
| 650 |
_aAgriculture _92837 |
||
| 942 | _cBK | ||
| 999 |
_c5139 _d5137 |
||